00464nam a2200133 a 450000500170000000800410001702000180005805000260007610000260010224500800012826000560020830000110026465000550027520140412111235.0001115s19uu xx 00 eng d a0-89187-585-9 aTR(GS 421.07bWOO L.E aWoodruff, G. Williard aWorking words in spelling, level E /cG Williard Woodruff, George N. Moore. aNorth Billerica, MA :bCurriculum Ass., Inc,c1981. a128 p. aEnglish language -- spelling -- study and teaching